| 000 | 00976pam a2200301 a 4500 | ||
|---|---|---|---|
| 001 | 3085 | ||
| 005 | 20251020161255.0 | ||
| 020 | _a0590439456 | ||
| 040 |
_aDLC _cDLC _dDLC _beng |
||
| 050 | 0 | 0 |
_aPZ8.N34 _b1989 |
| 082 | 0 | 0 | _a813.54 |
| 100 | 1 | _aNeitzel, Shirley | |
| 245 | 1 | 4 |
_aThe jacket I wear in the snow / _cby Shirley Neitzel ; pictures by Nancy Winslow Parker. |
| 250 | _aFirst Scholastic printing , December 1990 | ||
| 260 |
_aNew York : _bScholastic , _c1989 |
||
| 300 |
_a30 unnumbered pages : _bcolor illustrations ; _c24 cm |
||
| 505 | _aG | ||
| 520 | _aA young girl names all the clothes that she must wear to play in the snow. | ||
| 521 |
_a350
_bLexile |
||
| 521 |
_aG
_bRaz-Plus |
||
| 650 | 1 |
_aClothing and dress _xFiction. |
|
| 650 | 1 |
_aSnow _xFiction. |
|
| 650 | 1 | _aStories in rhyme. | |
| 650 | 1 | _aRebuses. | |
| 700 | 1 |
_aParker, Nancy Winslow _eillustrator |
|
| 906 |
_a7 _bcbc _corignew _d1 _eocip _f19 _gy-gencatlg |
||
| 942 |
_2ddc _cBK _n0 |
||
| 999 |
_c3085 _d3085 |
||